New practical Chinese reader : (Record no. 118418)
[ view plain ]
| 000 -LEADER | |
|---|---|
| fixed length control field | 00478nam a2200145Ia 4500 |
| 008 - FIXED-LENGTH DATA ELEMENTS--GENERAL INFORMATION | |
| fixed length control field | 140611s9999 xx 000 0 und d |
| 020 ## - INTERNATIONAL STANDARD BOOK NUMBER | |
| International Standard Book Number | 9787561912515 |
| 050 ## - LIBRARY OF CONGRESS CALL NUMBER | |
| Classification number | PL 1129.E5 |
| Item number | .N532t 2012 |
| 245 ## - TITLE STATEMENT | |
| Title | New practical Chinese reader : |
| Remainder of title | Text book / |
| 260 ## - PUBLICATION, DISTRIBUTION, ETC. (IMPRINT) | |
| Place of publication, distribution, etc | China : |
| Name of publisher, distributor, etc | Beijing Languge and Culture University Press, |
| Date of publication, distribution, etc | c2012. |
| 300 ## - PHYSICAL DESCRIPTION | |
| Extent | 249 p. : |
| Other physical details | ill. ; |
| Dimensions | 27 cm. |
| 650 ## - SUBJECT ADDED ENTRY--TOPICAL TERM | |
| Topical term or geographic name as entry element | Chinese Language |
| General subdivision | Readers |
| 650 ## - SUBJECT ADDED ENTRY--TOPICAL TERM | |
| Topical term or geographic name as entry element | Chinese Language |
| General subdivision | Study and Teachings |
| Withdrawn status | Lost status | Damaged status | Home library | Current library | Shelving location | Date acquired | Cost, normal purchase price | Total Checkouts | Total Renewals | Full call number | Barcode | Date last seen | Date checked out | Price effective from | Koha item type |
|---|---|---|---|---|---|---|---|---|---|---|---|---|---|---|---|
| Luxembourg Library | Luxembourg Library | Teachers Reference Section | 06/11/2014 | 1844.00 | 2 | 3 | PL 1129.E5 .N532t 2012 vol.3 | 19764 | 11/21/2017 | 06/05/2017 | 06/11/2014 | Books |